00958 2200217 4500001002100000005001500021035002000036008004100056020002000097041000800117082001500125084002100140100001900161245007900180260002600259300002700285520033300312650003200645650003900677990002400716INLIS00000000000252820221213091600 a0010-0520002528221213 | | eng  a089526085451495 aeng a320.520973 a320.520973 SMI o0 aSmith, Mark W.1 aThe Official Handbook Of The Vast Right - Wing Conspiracy /cMark W. Smith aWashington, DC,c2004 a245 p.; 21 cm ;c21 cm aJust in time for the 2004 election year, The Official Handbook of the Vast Right-Wing Conspiracy provides the ammo every good conservative needs to shoot down even the looniest of lies. If the lates liberal spin has you tearing your hair out or shouting at your television screen, this handy little book is the perfect antidote. 4aConservatism--United States 4aRight and left (Political science) a09172/MKRI-P/X-2008